[Event "Sabaneta op-B 2nd"]
[Site "Sabaneta Antioquia"]
[Date "2023.07.02"]
[Round "6"]
[White "Ochoa Ospina, Oscar Jaime"]
[Black "Quitian Gallego, Felipe"]
[Result "0-1"]
[WhiteElo "1511"]
[BlackElo "1650"]
[PlyCount "36"]
[EventDate "2023.06.28"]
[EventType "swiss"]
[EventRounds "9"]
[EventCountry "COL"]
[SourceTitle "EXT 2024"]
[Source "ChessBase"]
[SourceDate "2023.10.10"]
[SourceVersion "1"]
[SourceVersionDate "2023.10.10"]
[SourceQuality "1"]

1. e4 c5 2. Nf3 d6 3. Bc4 Nf6 4. e5 dxe5 5. Nxe5 e6 6. c3 Nbd7 7. f4 Nxe5 8. fxe5 Nd7 9. d4 Qh4+ 10. Kf1 cxd4 11. cxd4 Nxe5 12. Nc3 Nxc4 13. Qa4+ Bd7 14. Qxc4 Rc8 15. Qd3 a6 16. Be3 b5 17. Re1 b4 18. Ne4 Bb5 0-1

[Event "Medellin Easter op 11th"]
[Site "Medellin"]
[Date "2023.04.09"]
[Round "6"]
[White "Molina Ballesteros, Juan Sebastian"]
[Black "Quitian Gallego, Felipe"]
[Result "0-1"]
[WhiteElo "1781"]
[BlackElo "1600"]
[PlyCount "78"]
[EventDate "2023.04.05"]
[EventType "swiss"]
[EventRounds "7"]
[EventCountry "COL"]
[SourceTitle "CBM 213 Extra"]
[Source "ChessBase"]
[SourceDate "2023.05.31"]
[SourceVersion "1"]
[SourceVersionDate "2023.05.31"]
[SourceQuality "1"]

1. e4 c5 2. Nf3 Nc6 3. d4 cxd4 4. Nxd4 g6 5. Nc3 Bg7 6. Be3 Nf6 7. Bc4 0-0 8. Bb3 Ng4 9. Nxc6 dxc6 10. Bc5 Qa5 11. Bxe7 Bxc3+ 12. bxc3 Qxc3+ 13. Kf1 Re8 14. Bg5 Be6 15. Rb1 Nf6 16. Bxe6 Rxe6 17. f3 Qa5 18. Kf2 Qxg5 19. Rxb7 Nxe4+ 20. fxe4 Rf6+ 21. Ke2 Qxg2+ 22. Ke3 Qf2+ 23. Kd3 Rd8+ 24. Kc3 Rxd1 25. Rxd1 Qf3+ 26. Rd3 Qxe4 27. Rdd7 Rf3+ 28. Kb2 Qe5+ 29. Kc1 Rf1+ 30. Kd2 Qxh2+ 31. Kc3 Rf3+ 32. Kb2 Qe5+ 33. Kc1 Qa1+ 34. Kd2 Qc3+ 35. Kc1 Rf1+ 36. Rd1 Qa1+ 37. Kd2 Rxd1+ 38. Ke3 Qd4+ 39. Ke2 Rd2+ 0-1